| 000 | 00478nam a2200193Ia 4500 | ||
|---|---|---|---|
| 003 | OSt | ||
| 005 | 20251010111850.0 | ||
| 008 | 250729s2005 xx 000 0 und d | ||
| 022 | _2978-8171698264 | ||
| 040 | _cAL | ||
| 041 | _aeng | ||
| 082 | _a930.7 CHOT | ||
| 100 |
_aChopra J K _9222935 |
||
| 245 | _aTeaching of political science | ||
| 260 |
_aNew Delhi _bCommonwealth Publishers _c2005 |
||
| 300 | _a270p | ||
| 650 |
_aPolitical Science _9222936 |
||
| 942 |
_2ddc _cBED |
||
| 999 |
_c235675 _d235675 |
||